00844nam a2200217 a 4500001001000000003000900010005001700019007000300036008004100039040002500080082002100105111014300126245010300269246001900372250001200391260004700403300002100450650006300471650005800534650003400592000049086DO-SdBNP20250722142306.0ta090929s2007 dr 000 0 spa d aDO-SdBNPbspacBNPHU a352.14bN964222 aNueva ley municipal y desarrollo local: construyendo ciudadanía desde el gobierno localcSanto Domingo, República Dominicana)d(2007 :10aNueva ley municipal :bLey no. 176-07 del Distrito Nacional y los municipios, otras legislaciones.13aLey no. 176-07 a2da.ed. aSanto Domingo :bEditora Dalís,c[2007]. a196 p. ;c22 cm. 0aGobierno municipal xLegislaciónzRepública Dominicana 4aGobierno localxLegislaciónzRepública Dominicana 4aLeyeszRepública Dominicana